Coco: Remember Me lyrics - Statistics

General Stats
  • This quiz has been taken 79 times
  • The average score is 66 of 76
Answer Stats
% Correct
I
100%
I
100%
I
100%
I
100%
I
100%
Me
100%
Me
100%
Me
100%
Me
100%
Me
100%
To
100%
To
100%
To
100%
Goodbye
98%
Remember
98%
Remember
98%
Remember
98%
Remember
98%
Remember
98%
Say
98%
Have
97%
Have
97%
You
97%
You
97%
You
97%
You
97%
A
95%
A
95%
Though
92%
Though
92%
Cry
89%
Even
86%
Hear
86%
In
86%
In
86%
My
86%
My
86%
Don't
85%
Far
85%
Far
85%
It
85%
Make
85%
We
85%
Each
83%
Each
83%
For
83%
I'm
83%
I'm
83%
Song
83%
Apart
82%
Are
82%
Away
82%
Heart
82%
Sing
82%
Hold
80%
Let
80%
Night
80%
Time
80%
If
79%
Travel
77%
Way
77%
With
77%
Guitar
76%
Secret
76%
Arms
74%
Sad
74%
Be
73%
Can
73%
Know
71%
That
71%
That
71%
The
71%
Again
70%
You’re
68%
Only
67%
Until
67%
No matching quizzes found
Score Distribution
Percent of People with Each Score
Percentile by Number Answered
Your Score History
You have not taken this quiz